| 000 | 01696nam a2200397 i 4500 | ||
|---|---|---|---|
| 001 | 000045015 | ||
| 003 | DO-SdBNP | ||
| 005 | 20250715135749.0 | ||
| 007 | ta | ||
| 008 | 090717t2012 dr ac r 000 0 spa d | ||
| 020 | _z9789945443622 (serie) | ||
| 020 | _z9789945443837 (v. 180) | ||
| 040 |
_aDO-SdBNP _bspa _cBNPHU _erda |
||
| 041 | _aspa | ||
| 082 | 4 |
_a306.097293 _bV145c 2012 _222 |
|
| 100 | 1 |
_aValdez Albizu, Héctor, _d1947- _eautor _4aut. _912322 |
|
| 245 | 1 | 3 |
_aLa cultura en el Banco Central : _b2008-2011 / _cHéctor Valdez Albizu ; presentación, José Alcántara Almánzar. |
| 246 | 1 | 4 |
_aLa cultura en el Banco Central : _bdiscursos 2008-2011 |
| 250 | _aPrimera edición | ||
| 264 | 4 |
_aSanto Domingo : _bBanco Central de la República Dominicana, _c©2012. |
|
| 300 |
_a188 páginas : _bIlustraciones, retratos ; _c23 cm. |
||
| 336 |
_atexto _btxt _2rdacontent |
||
| 337 |
_asin mediación _bn _2rdamedia |
||
| 338 |
_avolumen _bnc _2rdacarrier |
||
| 490 | 0 |
_aColección del Banco Central de la República Dominicana _v180 |
|
| 490 | 0 |
_aSerie Arte y Literatura _v62 |
|
| 500 | _aIncluye datos biográficos del autor en las solapas | ||
| 590 | _aInventariado, 2024 / MF | ||
| 610 | 2 | 0 |
_aBanco Central de la República Dominicana _983405 |
| 650 | 4 |
_aCultura _zRepública Dominicana _973024 _vEnsayos, conferencias, etc. |
|
| 650 | 4 |
_aCultura _zRepública Dominicana _xHistoria _973025 _vEnsayos, conferencias, etc. |
|
| 700 | 1 |
_aAlcántara Almánzar, José, _d1946- _epresentación _4pre. _97018 |
|
| 830 | 0 |
_aColección del Banco Central de la República Dominicana, _n180 _pSerie Arte y Literatura _n62 _988362 |
|
| 910 | _aValidado. Control de calidad MFF | ||
| 942 |
_2ddc _cLBS1 |
||
| 999 |
_c44504 _d44504 |
||